01726cam a2200361 a 4500999001900000001000900019003000500028005001700033008004100050010001700091020004900108020003600157035002400193040005200217043001200269050002500281082002300306100002700329245007500356250003700431260005700468300003900525500005400564504006600618505039800684650004201082650002901124650003201153650002401185906004501209942001201254952009801266 c329038d32903815969522Nust20170420170831.0091102r20102009mauab b 001 0 eng  a 2009044012 a9780674051348 (cloth : alk. paper) :c$27.95 a0674051343 (cloth : alk. paper) a(OCoLC)ocn456169946 aDLCcDLCdBTCTAdYDXCPdC#PdBWXdCDXdABGdDLC aa------00aHV5840.A74bC46 201000a363.45095222bCHO1 aChouvy, Pierre-Arnaud.10aOpium :buncovering the politics of the poppy /cPierre-Arnaud Chouvy. a1st Harvard University Press ed. aCambridge, Mass. :bHarvard University Press,c2010. axv, 256 p. :bill., maps ;c24 cm. aOriginally published: London : I.B. Tauris, 2009. aIncludes bibliographical references (p. [219]-243) and index.0 aOpium : a drug in motion through time and space -- Opium and heroin in Asia : early history and geopolitics -- Opium and heroin in Asia : the Golden Triangle and the Golden Crescent -- All-time highs and lows -- In and out of the Golden Triangle and the Golden Crescent -- War, drugs, and the war on drugs -- Opium poppy cultivation -- Successes and failures -- Drug trafficking routes (maps). 0aOpium tradexPolitical aspectszAsia. 0aOpium tradexPrevention. 0aOpium tradezAsiaxHistory. 0aDrug controlzAsia. a7bcbccorignewd1eecipf20gy-gencatlg 2ddccBK 00102ddc4070aNITbNITd2017-04-20l0o363.45095 CHOpNIT-9096r2017-04-20w2017-04-20yBK